000 00570nam a2200181Ia 4500
008 100917s9999 xx 000 0 und d
082 _b14408
100 _aइस्लामपूरकर वामनशास्त्री
245 _aअविचाराचा परिणाम
260 _b---
_c1908
300 _a162
365 _b1
520 _aकादंबरी
630 _aअविचाराचा परिणाम
650 _aकादंबरी
730 _aअविचाराचा परिणाम
942 _cBOOK
999 _c619802
_d619799